Statistieken voor Bekende Nederlanders quiz

Klik hier om de quiz te nemen!

Algemene statistieken

  • Deze quiz is 94 keer genomen
  • De gemiddelde score is 16 van 30

Antwoordstatistieken

Antwoord% Correct
Freek Vonk
91%
Lars 'Snelle' Bos
91%
Linda de Mol
87%
Jandino Asporaat
85%
Anouk Teeuwe
82%
Andre van Duin
81%
Eva Jinek
81%
Chantal Janzen
80%
Sigrid Kaag
72%
Valentijn 'Antoon' Remmert Verkerk
71%
Caroline van der Plas
62%
Roy Donders
62%
Rene van der Gijp
58%
Vivianne Miedema
53%
Lee Towers
49%
Sifan Hassan
49%
Art Rooijakkers
47%
Royalistiq
46%
John van den Heuvel
43%
Yolanthe Cabau
39%
Michiel Kramer
38%
Theo Janssen
38%
Diederik Samson
37%
Mathieu van der Poel
35%
Willem van Hanegem
35%
Harry Mens
33%
Josje Huisman
32%
Kees van der Staaij
32%
Constantijn van Oranje
28%
Henk Angenent
4%

Scoreverdeling

Percentiel versus Aantal Correcte Antwoorden

Procent van Mensen met Elke Score

Uw Scoregeschiedenis

U heeft deze quiz nog niet genomen